02020nam a22002537a 450000500170000000800410001702000180005804000070007604100120008308200210009510000120011624500380012825000080016626000640017430000290023836500550026752012890032265000400161165000210165165000260167265000220169865000320172070000140175220230907114521.0230907b ||||| |||| 00| 0 eng d a9789356034105 cAL aEnglish 223a657.46bSEKP aG Sekar aPadhukas Handbook on Direct Taxes a22. aNew DelhibCommercial Law Publishers (India) Pvt Ltdc2023 a1216 p.bPBc23.5X17 cm. a4433b₹1519.00c₹d₹1899.00e20%f05-09-2023 aFeatures/Highlights Updated with Amendments made by Finance Act. 2023 All recent & relevant Circulars. Notifications. Press Releases & Court Decision updated. Referencer Tables for Individuals. HUF. AOP. B01. AJP. Firms. Companies. Co-operative Societies for 10 assessments years. Highlights and Summaries of Important Provisions/Contents of Direct Tax Laws under Fast Track Referencer. Highly useful Fast Track Reference with 12 Segments. Summary of Depreciation Schedule. Forms of Companies Act. 2013. Overview of all Accounting Standards issued by ICAI. Highly appreciated by IT Department Officials as an immediate Reference Book and User- Friendly Reckoner. Only Book having Relevant Case Laws. Circulars and Notifications. Beneficiaries & Users of this Book include Office of the Comptroller and Auditor General of India Office of the Central Board of Direct Taxes. Chief Commissioners of Income-Tax for use by the Officers of TDS Wing, as well as DDOs National Academy of Direct Taxes. Ministry of Finance. Nagpur. Various Nationalized Banks like Indian Bank. State bank of India. Canara Bank. Corporation Bank etc. for use at their Branches. Various Companies and Firms in the Manufacturing and Service Sector. Finance. Investment & Legal Professionals in practice & service.  aAssessment Year 2023-24 and 2024-25 aFinance Act 2023 aReady Reckoner Tables aRelevent Case Law aCirculars and Notifications aSEKAR (G)